[Event "Quebec op"]
[Site "Montreal CAN"]
[Date "2004.07.23"]
[Round "7"]
[White "Barbeau, Sylvain"]
[Black "Garcia, Gildardo"]
[Result "1/2-1/2"]
[WhiteElo "2404"]
[BlackElo "2461"]
[PlyCount "105"]
[GameId "2160767911095132"]
[EventDate "2004.07.17"]
[EventType "swiss"]
[EventRounds "9"]
[EventCountry "CAN"]
[SourceTitle "CBM 101 Extra"]
[Source "ChessBase"]
[SourceDate "2004.09.01"]
[SourceVersion "2"]
[SourceVersionDate "2004.09.01"]
[SourceQuality "1"]

1. e4 c5 2. Nf3 Nc6 3. d4 cxd4 4. Nxd4 g6 5. c4 Bg7 6. Be3 Nf6 7. Nc3 Ng4 8. Qxg4 Nxd4 9. Qd1 Ne6 10. Qd2 Qa5 11. Rc1 b6 12. Be2 Bb7 13. f3 g5 14. O-O Be5 15. Rfd1 Rd8 16. Nd5 Qxd2 17. Rxd2 Rc8 18. b4 f6 19. Bf1 Kf7 20. a4 h5 21. Rcd1 d6 22. Ra2 Ba6 23. Rc1 Nd4 24. a5 Bb7 25. axb6 Bxd5 26. exd5 axb6 27. Rd1 Nf5 28. Bxb6 Rb8 29. Ra6 g4 30. Be2 g3 31. hxg3 Nxg3 32. Kf2 h4 33. b5 h3 34. gxh3 Rxh3 35. Bf1 Rh2+ 36. Ke3 Rc8 37. Bd3 Nh5 38. Bf1 Ng3 39. Bd3 Nh5 40. Bf1 Rb2 41. Ra3 Ng3 42. Bd3 f5 43. f4 Rh8 44. fxe5 dxe5 45. Bc7 Rh3 46. Bxe5 Ne2+ 47. Bg3 Rxg3+ 48. Kf2 f4 49. Bxe2 Rxa3 50. Rd4 Kf6 51. Rxf4+ Ke5 52. Rf7 Kd6 53. c5+ 1/2-1/2

[Event "Quebec op"]
[Site "Montreal CAN"]
[Date "2004.07.23"]
[Round "7"]
[White "Castaneda, Nelson"]
[Black "Bolduc, Steve"]
[Result "0-1"]
[WhiteElo "2288"]
[BlackElo "2255"]
[PlyCount "96"]
[GameId "2160767911095134"]
[EventDate "2004.07.17"]
[EventType "swiss"]
[EventRounds "9"]
[EventCountry "CAN"]
[SourceTitle "CBM 101 Extra"]
[Source "ChessBase"]
[SourceDate "2004.09.01"]
[SourceVersion "2"]
[SourceVersionDate "2004.09.01"]
[SourceQuality "1"]

1. d4 Nf6 2. c4 e6 3. Nc3 Bb4 4. Qc2 Nc6 5. Nf3 d6 6. a3 Bxc3+ 7. Qxc3 Qe7 8. Bg5 a5 9. d5 Nb8 10. Bxf6 Qxf6 11. Qxf6 gxf6 12. e3 a4 13. Be2 e5 14. Nh4 Na6 15. Bd3 Nc5 16. Bc2 b6 17. Kd2 Rb8 18. Rad1 b5 19. cxb5 Rxb5 20. Kc1 Ke7 21. Rd2 Bd7 22. Kb1 Rhb8 23. Bf5 Bxf5+ 24. Nxf5+ Kd7 25. Rhd1 Rb3 26. Ka2 Ne4 27. Rc2 Rxb2+ 28. Rxb2 Nc3+ 29. Ka1 Rxb2 30. Kxb2 Nxd1+ 31. Kc2 Nxf2 32. Kc3 c6 33. dxc6+ Kxc6 34. Kb4 d5 35. Kxa4 Kc5 36. Kb3 d4 37. exd4+ exd4 38. Ng3 Kd5 39. a4 Nd3 40. a5 Nc5+ 41. Kc2 Kc4 42. Nf5 d3+ 43. Kb2 Na4+ 44. Ka3 d2 45. a6 Kd3 46. Kxa4 d1=Q+ 47. Kb5 Qb3+ 48. Kc6 Qc4+ 0-1

[Event "Quebec op"]
[Site "Montreal CAN"]
[Date "2004.07.23"]
[Round "7"]
[White "Chabot, Roland"]
[Black "Gravel, Simon M"]
[Result "1/2-1/2"]
[WhiteElo "2267"]
[BlackElo "2256"]
[PlyCount "40"]
[GameId "2160767911095135"]
[EventDate "2004.07.17"]
[EventType "swiss"]
[EventRounds "9"]
[EventCountry "CAN"]
[SourceTitle "CBM 101 Extra"]
[Source "ChessBase"]
[SourceDate "2004.09.01"]
[SourceVersion "2"]
[SourceVersionDate "2004.09.01"]
[SourceQuality "1"]

1. d4 Nf6 2. c4 g6 3. Nc3 d5 4. Nf3 Bg7 5. Bg5 dxc4 6. e4 c5 7. d5 O-O 8. a4 Qa5 9. Qd2 Bg4 10. Bxc4 Qb4 11. Bd3 Bxf3 12. gxf3 c4 13. Be2 Nbd7 14. Nd1 Qxd2+ 15. Bxd2 Ne5 16. Nc3 e6 17. O-O-O exd5 18. exd5 Rac8 19. Be3 a6 20. f4 Neg4 1/2-1/2

[Event "Quebec op"]
[Site "Montreal CAN"]
[Date "2004.07.23"]
[Round "7"]
[White "Lawson, Eric"]
[Black "Gilman, Arkadiy"]
[Result "1-0"]
[WhiteElo "2276"]
[BlackElo "2235"]
[PlyCount "67"]
[GameId "2160767911095137"]
[EventDate "2004.07.17"]
[EventType "swiss"]
[EventRounds "9"]
[EventCountry "CAN"]
[SourceTitle "CBM 101 Extra"]
[Source "ChessBase"]
[SourceDate "2004.09.01"]
[SourceVersion "2"]
[SourceVersionDate "2004.09.01"]
[SourceQuality "1"]

1. e4 e6 2. d4 d5 3. Nd2 Nf6 4. e5 Nfd7 5. c3 c5 6. Bd3 Nc6 7. Ne2 Qb6 8. Nf3 cxd4 9. cxd4 f6 10. exf6 Nxf6 11. O-O Bd6 12. b3 O-O 13. Bf4 Bxf4 14. Nxf4 Ne4 15. Nh5 Bd7 16. Ng3 Nxg3 17. hxg3 g6 18. Bc2 Rf6 19. Qd2 Raf8 20. Rad1 Kg7 21. Nh2 R6f7 22. Ng4 Qd8 23. Qh6+ Kg8 24. Rfe1 Rg7 25. Re3 Qe7 26. Bb1 Qb4 27. Rf3 Rxf3 28. gxf3 Qf8 29. Kg2 Be8 30. a3 a6 31. b4 Re7 32. Qg5 Kg7 33. Rh1 Nd8 34. Qe5+ 1-0

[Event "Quebec op"]
[Site "Montreal CAN"]
[Date "2004.07.23"]
[Round "7"]
[White "McDonough, Jonathan"]
[Black "Milicevic, Goran"]
[Result "0-1"]
[WhiteElo "2184"]
[BlackElo "2271"]
[PlyCount "116"]
[GameId "2160767911095139"]
[EventDate "2004.07.17"]
[EventType "swiss"]
[EventRounds "9"]
[EventCountry "CAN"]
[SourceTitle "CBM 101 Extra"]
[Source "ChessBase"]
[SourceDate "2004.09.01"]
[SourceVersion "2"]
[SourceVersionDate "2004.09.01"]
[SourceQuality "1"]

1. d4 e6 2. c4 Nf6 3. Nc3 Bb4 4. e3 c5 5. Nge2 O-O 6. a3 Bxc3+ 7. Nxc3 b6 8. Be2 Bb7 9. O-O d6 10. b3 a6 11. Ra2 Qc7 12. Rd2 Nc6 13. d5 exd5 14. Nxd5 Nxd5 15. Rxd5 Rad8 16. Rd2 Rfe8 17. Bf3 Re6 18. Bb2 Ne7 19. Bxb7 Qxb7 20. Qe2 Qe4 21. Qf3 Qxf3 22. gxf3 Rg6+ 23. Kh1 Re6 24. f4 f6 25. Kg2 Rb8 26. b4 b5 27. cxb5 axb5 28. Rfd1 Rb6 29. bxc5 dxc5 30. Rd7 Nc6 31. Rc7 Re7 32. Rc8+ Kf7 33. Rd6 Na7 34. Rxb6 Nxc8 35. Rxb5 Rc7 36. Rb3 Ke6 37. Kf3 Nd6 38. a4 Ra7 39. Ba3 Ra5 40. Rc3 Kd5 41. Rd3+ Kc6 42. Rc3 f5 43. Rc1 Ne4 44. Bb2 Rxa4 45. Ra1 Rc4 46. Rc1 Kb5 47. Ke2 Rxc1 48. Bxc1 Kb4 49. Bb2 g6 50. f3 Nd6 51. Bf6 Kc4 52. Be5 Nb5 53. e4 Kb3 54. Bf6 c4 55. Kd1 c3 56. Kc1 c2 57. Bb2 Nc7 58. e5 Ne6 0-1

[Event "Quebec op"]
[Site "Montreal CAN"]
[Date "2004.07.23"]
[Round "7"]
[White "Mikanovic, Goran"]
[Black "Sullivan, Neil"]
[Result "1/2-1/2"]
[WhiteElo "2278"]
[BlackElo "2092"]
[PlyCount "186"]
[GameId "2160767911095140"]
[EventDate "2004.07.17"]
[EventType "swiss"]
[EventRounds "9"]
[EventCountry "CAN"]
[SourceTitle "CBM 101 Extra"]
[Source "ChessBase"]
[SourceDate "2004.09.01"]
[SourceVersion "2"]
[SourceVersionDate "2004.09.01"]
[SourceQuality "1"]

1. d4 d5 2. c4 e6 3. Nf3 Nf6 4. Nc3 Be7 5. Bg5 h6 6. Bh4 O-O 7. e3 b6 8. Rc1 Bb7 9. Bxf6 Bxf6 10. cxd5 exd5 11. b4 c5 12. bxc5 bxc5 13. dxc5 Qa5 14. Qd2 Qxc5 15. Nb5 Qb6 16. Be2 Nc6 17. O-O Rab8 18. Rfd1 Rfc8 19. Nd6 Rd8 20. Rb1 Qc7 21. Nb5 Qe7 22. Nbd4 Bxd4 23. Nxd4 Ne5 24. Qa5 Ba8 25. Qa4 Rxb1 26. Rxb1 Qc5 27. Qb4 Qxb4 28. Rxb4 Nc6 29. Rb1 Nxd4 30. exd4 Kf8 31. Kf1 Ke7 32. Ke1 Kd6 33. Kd2 Bc6 34. Rb3 Rd7 35. Rg3 g6 36. Rf3 Ke7 37. Ra3 Kd6 38. Bd3 Rb7 39. Kc3 Bd7 40. Ra6+ Ke7 41. h4 Bc8 42. Ra5 Be6 43. Kd2 g5 44. g3 f5 45. hxg5 hxg5 46. Ke3 Kd6 47. Ra6+ Ke7 48. f4 g4 49. Kd2 Bc8 50. Ra5 Kd6 51. Bc2 Bd7 52. Bb3 Be6 53. Ra6+ Ke7 54. Kc3 Kd7 55. Kb2 Ke7 56. Ka3 Kd7 57. Ba4+ Ke7 58. Bb3 Kd7 59. Ra5 Kd6 60. Kb2 Kc6 61. Rc5+ Kd6 62. Ra5 Kc6 63. Ra6+ Kd7 64. Kc3 Ke7 65. Kd2 Kd7 66. Ke2 Ke7 67. Ke3 Kd7 68. Kf2 Ke7 69. Rc6 Kd7 70. Rc1 Kd6 71. Rc5 Rh7 72. Kg2 Rb7 73. Rc1 Rb4 74. Rd1 Rb7 75. Rh1 a5 76. Rd1 a4 77. Bxa4 Rb2+ 78. Kg1 Rxa2 79. Bb5 Rb2 80. Bd3 Bd7 81. Rb1 Rd2 82. Rb3 Be6 83. Kf1 Bd7 84. Ke1 Rg2 85. Be2 Ba4 86. Rc3 Bc6 87. Kf1 Rh2 88. Re3 Bd7 89. Kg1 Rh8 90. Re5 Be6 91. Bd3 Rf8 92. Kf2 Rf7 93. Ke3 Rf8 1/2-1/2

[Event "Quebec op"]
[Site "Montreal CAN"]
[Date "2004.07.23"]
[Round "8"]
[White "Caceres Cortes, Julio"]
[Black "Wilkin, Alain"]
[Result "1-0"]
[WhiteElo "2054"]
[BlackElo "2049"]
[PlyCount "59"]
[GameId "2160767911095142"]
[EventDate "2004.07.17"]
[EventType "swiss"]
[EventRounds "9"]
[EventCountry "CAN"]

1. e4 c5 2. Nf3 e6 3. d4 cxd4 4. Nxd4 a6 5. Nc3 Qc7 6. Be2 Bb4 7. Qd3 Nf6 8. O-O Nc6 9. Kh1 Nxd4 10. Qxd4 Bc5 11. Qd3 b5 12. f4 b4 13. e5 bxc3 14. exf6 gxf6 15. Qxc3 Ke7 16. b3 Bb6 17. Ba3+ d6 18. Qxc7+ Bxc7 19. Bf3 Rb8 20. Rad1 Bb7 21. c4 Bxf3 22. Rxf3 Rhd8 23. Rh3 Rh8 24. Rh6 a5 25. Bb2 e5 26. fxe5 dxe5 27. Rf1 Rhg8 28. Rhxf6 Rg7 29. Rc6 Kd7 30. Rxc7+ 1-0

[Event "Quebec op"]
[Site "Montreal CAN"]
[Date "2004.07.23"]
[Round "8"]
[White "Gagnon, Michel"]
[Black "Plante, Michel"]
[Result "1-0"]
[WhiteElo "2113"]
[BlackElo "2009"]
[PlyCount "165"]
[GameId "2160767911095143"]
[EventDate "2004.07.17"]
[EventType "swiss"]
[EventRounds "9"]
[EventCountry "CAN"]
[SourceTitle "CBM 101 Extra"]
[Source "ChessBase"]
[SourceDate "2004.09.01"]
[SourceVersion "2"]
[SourceVersionDate "2004.09.01"]
[SourceQuality "1"]

1. d4 d5 2. Nf3 Nf6 3. e3 c5 4. c3 Nbd7 5. Bd3 Qc7 6. Nbd2 g6 7. O-O Bg7 8. Re1 O-O 9. e4 dxe4 10. Nxe4 Nxe4 11. Rxe4 cxd4 12. cxd4 Nf6 13. Rh4 Be6 14. Qe2 Rac8 15. h3 Rfd8 16. Bg5 Nd5 17. a3 Qd6 18. Qd2 f6 19. Bh6 Bh8 20. Re1 Bf7 21. Rg4 e6 22. h4 f5 23. Rg3 Nf6 24. Rg5 Ng4 25. h5 Nxh6 26. hxg6 hxg6 27. Rxg6+ Bxg6 28. Qxh6 Bf7 29. Ng5 Bg7 30. Qh7+ Kf8 31. Be2 Rd7 32. Bh5 Re8 33. Bxf7 Rxf7 34. Qg6 Qd7 35. d5 exd5 36. Nh7+ Kg8 37. Rxe8+ Qxe8 38. Nf6+ Rxf6 39. Qxe8+ Kh7 40. Qd7 Kg6 41. Qxd5 Rf7 42. b3 a6 43. a4 Bf6 44. g3 Re7 45. Kg2 Bg7 46. f3 Bf6 47. f4 Bg7 48. Kf3 Bf6 49. g4 fxg4+ 50. Kxg4 Rf7 51. Qf5+ Kg7 52. Kh5 Bb2 53. Qg6+ Kf8 54. Qc2 Ba1 55. Kg6 Rf6+ 56. Kg5 Rf7 57. f5 Kg7 58. Qh2 Bf6+ 59. Kh5 Bd4 60. Qf4 Bf6 61. Qh6+ Kg8 62. Qe3 Re7 63. Qf4 Kg7 64. Qg4+ Kf8 65. Kh6 Bg7+ 66. Kg6 Be5 67. Qh4 Rg7+ 68. Kh6 Rd7 69. Qb4+ Bd6 70. Qc4 Be5 71. Qc8+ Ke7 72. Kh7 Kd6+ 73. Kg6 Rg7+ 74. Kh6 Re7 75. b4 Bd4 76. Qf8 Kd7 77. Kg6 Bc3 78. b5 axb5 79. axb5 Be5 80. Qa8 Kd6 81. Qd8+ Rd7 82. Qb6+ Ke7 83. Qe6+ 1-0

[Event "Quebec op"]
[Site "Montreal CAN"]
[Date "2004.07.23"]
[Round "8"]
[White "Luksza, Arkadiusz"]
[Black "Leriche, Felix"]
[Result "1/2-1/2"]
[WhiteElo "2231"]
[BlackElo "2111"]
[PlyCount "90"]
[GameId "2160767911095144"]
[EventDate "2004.07.17"]
[EventType "swiss"]
[EventRounds "9"]
[EventCountry "CAN"]

1. d4 d5 2. c4 c6 3. e3 Nf6 4. Nc3 e6 5. Nf3 Nbd7 6. Qc2 Bd6 7. g4 h6 8. Rg1 Qe7 9. Bd2 a6 10. h4 dxc4 11. e4 e5 12. g5 hxg5 13. hxg5 Nh5 14. d5 Nc5 15. Bxc4 b5 16. Be2 b4 17. Na4 cxd5 18. Nxc5 Bxc5 19. Rc1 dxe4 20. Qxc5 Qxc5 21. Rxc5 exf3 22. Bxf3 Rb8 23. Rxe5+ Be6 24. Rg4 b3 25. a3 O-O 26. Rh4 g6 27. Bd5 Bxd5 28. Rxd5 Rfc8 29. Rb4 Rxb4 30. Bxb4 Nf4 31. Rd1 Ne6 32. Bd2 a5 33. Bxa5 Nxg5 34. Rd8+ Rxd8 35. Bxd8 Ne4 36. Ke2 Nc3+ 37. Kd3 Nd1 38. Bf6 Nxf2+ 39. Kc4 Ne4 40. Bd4 Kf8 41. Kxb3 Ke7 42. Kc4 Kd6 43. a4 Kc6 44. b4 Nd6+ 45. Kd3 f5 1/2-1/2

[Event "Quebec op"]
[Site "Montreal CAN"]
[Date "2004.07.23"]
[Round "8"]
[White "Patterson, Roger"]
[Black "Singher, Jean-Pierre"]
[Result "1-0"]
[WhiteElo "2236"]
[BlackElo "1935"]
[PlyCount "73"]
[GameId "2160767911095145"]
[EventDate "2004.07.17"]
[EventType "swiss"]
[EventRounds "9"]
[EventCountry "CAN"]

1. e4 c5 2. Nf3 d6 3. d4 cxd4 4. Nxd4 Nf6 5. Nc3 a6 6. f4 e6 7. Be3 Be7 8. Qf3 Qc7 9. O-O-O O-O 10. g4 Nc6 11. g5 Nd7 12. Rg1 Re8 13. Qh5 g6 14. Qh4 Bf8 15. Rg3 Bg7 16. f5 exf5 17. exf5 Nxd4 18. Bxd4 Bxd4 19. Qxd4 Qc5 20. Qh4 Qxf5 21. Bh3 Qe5 22. Nd5 Nf8 23. Nf6+ Kg7 24. Nxe8+ Qxe8 25. Qd4+ Kg8 26. Bxc8 Rxc8 27. Qxd6 Ne6 28. Qd7 Qf8 29. Qxb7 Qc5 30. Qg2 Qa5 31. Ra3 Qb5 32. Rad3 Nf4 33. Rd8+ Kg7 34. Qf3 Ne2+ 35. Kb1 Rc6 36. R8d3 Qe5 37. Qxc6 1-0

[Event "Quebec op"]
[Site "Montreal CAN"]
[Date "2004.07.23"]
[Round "8"]
[White "Rousseau, Daniel"]
[Black "Yao, Sammy"]
[Result "1/2-1/2"]
[WhiteElo "2125"]
[BlackElo "1939"]
[PlyCount "91"]
[GameId "2160767911095146"]
[EventDate "2004.07.17"]
[EventType "swiss"]
[EventRounds "9"]
[EventCountry "CAN"]

1. e4 c5 2. Nf3 e6 3. d4 cxd4 4. Nxd4 a6 5. Bd3 Nf6 6. O-O Qc7 7. Nc3 Bc5 8. Nb3 Be7 9. a4 d6 10. Be3 Nbd7 11. a5 b5 12. axb6 Nxb6 13. Qe2 O-O 14. Ra2 Bd7 15. Rfa1 Rfb8 16. Rxa6 Rxa6 17. Rxa6 Bc8 18. Nb5 Qd8 19. Bxb6 Rxb6 20. Ra8 Nd7 21. Na7 Nb8 22. Nxc8 Qxc8 23. Qe1 Qb7 24. Qa5 Bf6 25. Qa2 g6 26. Ra7 Qc6 27. Na5 Qc5 28. Nc4 Rc6 29. c3 Rc8 30. Qa4 Kg7 31. Ra5 Qc7 32. Ra7 Qc5 33. Qa5 Qxa5 34. Rxa5 Rc6 35. Kf1 Nd7 36. f4 Nc5 37. Ke2 Nxe4 38. Ra7 Nc5 39. Ra8 d5 40. Ne3 Rb6 41. Ra2 Nb3 42. Kd1 d4 43. Nc4 Rc6 44. Kc2 Nc5 45. Na5 Rb6 46. Nc4 1/2-1/2

[Event "Quebec op"]
[Site "Montreal CAN"]
[Date "2004.07.23"]
[Round "8"]
[White "Voloaca, Mihnea"]
[Black "Marcone, Malcom"]
[Result "1-0"]
[WhiteElo "2206"]
[BlackElo "2010"]
[PlyCount "43"]
[GameId "2160767911095147"]
[EventDate "2004.07.17"]
[EventType "swiss"]
[EventRounds "9"]
[EventCountry "CAN"]

1. Nf3 e6 2. c4 f5 3. g3 Nf6 4. Bg2 Be7 5. O-O O-O 6. d3 c5 7. d4 cxd4 8. Nxd4 Nc6 9. Nc3 Qb6 10. Ndb5 Ne8 11. Be3 Qd8 12. c5 d6 13. cxd6 Nxd6 14. Nxd6 Bxd6 15. Nb5 Be5 16. Qb3 Qf6 17. Bc5 Rd8 18. Rad1 Bxb2 19. Bxc6 bxc6 20. Nc7 Ba6 21. Nxa6 Be5 22. Qb7 1-0

[Event "Quebec op"]
[Site "Montreal CAN"]
[Date "2004.07.24"]
[Round "8"]
[White "Feoktistov, Dmitri"]
[Black "St Amand, Paul Jr"]
[Result "1/2-1/2"]
[WhiteElo "2146"]
[BlackElo "2125"]
[PlyCount "54"]
[GameId "2160767911095148"]
[EventDate "2004.07.17"]
[EventType "swiss"]
[EventRounds "9"]
[EventCountry "CAN"]
[SourceTitle "CBM 101 Extra"]
[Source "ChessBase"]
[SourceDate "2004.09.01"]
[SourceVersion "2"]
[SourceVersionDate "2004.09.01"]
[SourceQuality "1"]

1. d4 Nf6 2. c4 e5 3. dxe5 Ng4 4. Bf4 Nc6 5. Nf3 Bb4+ 6. Nbd2 Qe7 7. a3 Ngxe5 8. Nxe5 Nxe5 9. e3 Bxd2+ 10. Qxd2 O-O 11. Be2 d6 12. O-O b6 13. b4 Bb7 14. Qc3 Ng6 15. Bg3 Rfd8 16. c5 dxc5 17. bxc5 Rd5 18. c6 Bc8 19. Rfd1 Rc5 20. Qd4 Be6 21. Bf3 Re8 22. Qa4 a5 23. Rac1 Rxc1 24. Rxc1 Rd8 25. Rd1 Rxd1+ 26. Qxd1 b5 27. h3 b4 1/2-1/2

[Event "Quebec op"]
[Site "Montreal CAN"]
[Date "2004.07.24"]
[Round "8"]
[White "Gravel, Simon M"]
[Black "Lawson, Eric"]
[Result "1/2-1/2"]
[WhiteElo "2256"]
[BlackElo "2276"]
[PlyCount "52"]
[GameId "2160767911095149"]
[EventDate "2004.07.17"]
[EventType "swiss"]
[EventRounds "9"]
[EventCountry "CAN"]
[SourceTitle "CBM 101 Extra"]
[Source "ChessBase"]
[SourceDate "2004.09.01"]
[SourceVersion "2"]
[SourceVersionDate "2004.09.01"]
[SourceQuality "1"]

1. g3 e5 2. d4 exd4 3. Nf3 Nf6 4. Nxd4 d5 5. Bg2 c6 6. O-O Bc5 7. b3 O-O 8. Bb2 a5 9. Nd2 Re8 10. c4 Bg4 11. N2f3 dxc4 12. bxc4 a4 13. Kh1 Nbd7 14. h3 Bh5 15. Nf5 Bg6 16. N3h4 Qc7 17. Qc2 Qxg3 18. Nxg6 Qxg6 19. Kh2 Ne5 20. Bxe5 Rxe5 21. e4 b6 22. f4 Ree8 23. Bf3 Nd7 24. Nxg7 Kxg7 25. Rg1 Bxg1+ 26. Rxg1 Rad8 1/2-1/2

[Event "Quebec op"]
[Site "Montreal CAN"]
[Date "2004.07.24"]
[Round "8"]
[White "Masse, Hugues"]
[Black "McDonough, Jonathan"]
[Result "1/2-1/2"]
[WhiteElo "2143"]
[BlackElo "2184"]
[PlyCount "31"]
[GameId "2160767911095152"]
[EventDate "2004.07.17"]
[EventType "swiss"]
[EventRounds "9"]
[EventCountry "CAN"]
[SourceTitle "CBM 101 Extra"]
[Source "ChessBase"]
[SourceDate "2004.09.01"]
[SourceVersion "2"]
[SourceVersionDate "2004.09.01"]
[SourceQuality "1"]

1. d4 e6 2. c4 d5 3. Nc3 Be7 4. cxd5 exd5 5. Bf4 c6 6. Qc2 Nf6 7. e3 a5 8. Bd3 Na6 9. a3 Nc7 10. Nf3 Ne6 11. Be5 g6 12. O-O O-O 13. h3 Ng7 14. Rab1 Bf5 15. Bxf5 Nxf5 16. Na4 1/2-1/2

[Event "Quebec op"]
[Site "Montreal CAN"]
[Date "2004.07.24"]
[Round "8"]
[White "Milicevic, Goran"]
[Black "Laframboise, Marc-Andre"]
[Result "1/2-1/2"]
[WhiteElo "2271"]
[BlackElo "2094"]
[PlyCount "70"]
[GameId "2160767911095153"]
[EventDate "2004.07.17"]
[EventType "swiss"]
[EventRounds "9"]
[EventCountry "CAN"]
[SourceTitle "CBM 101 Extra"]
[Source "ChessBase"]
[SourceDate "2004.09.01"]
[SourceVersion "2"]
[SourceVersionDate "2004.09.01"]
[SourceQuality "1"]

1. e4 c5 2. Nf3 d6 3. c3 Nf6 4. Bc4 e6 5. Qe2 Nc6 6. Bb3 Be7 7. d4 cxd4 8. cxd4 O-O 9. O-O a6 10. Nc3 b5 11. e5 Nd7 12. Bc2 Bb7 13. Qe4 g6 14. Qf4 dxe5 15. dxe5 Nb4 16. Be4 Bxe4 17. Nxe4 Nd3 18. Qh6 N3xe5 19. Nfg5 Bxg5 20. Nxg5 Nf6 21. Bf4 Neg4 22. Qh4 e5 23. Rad1 Qb6 24. Be3 Nxe3 25. fxe3 h5 26. Rf3 Ng4 27. Ne4 Rad8 28. Re1 f5 29. h3 Nxe3 30. Rexe3 f4 31. Qe7 Rf7 32. Qxe5 Rf5 33. Qe7 Rf7 34. Qe5 Rf5 35. Qe7 Rf7 1/2-1/2

[Event "Quebec op"]
[Site "Montreal CAN"]
[Date "2004.07.24"]
[Round "8"]
[White "Robichaud, Louis"]
[Black "Mikanovic, Goran"]
[Result "0-1"]
[WhiteElo "2080"]
[BlackElo "2278"]
[PlyCount "126"]
[GameId "2160767911095154"]
[EventDate "2004.07.17"]
[EventType "swiss"]
[EventRounds "9"]
[EventCountry "CAN"]
[SourceTitle "CBM 101 Extra"]
[Source "ChessBase"]
[SourceDate "2004.09.01"]
[SourceVersion "2"]
[SourceVersionDate "2004.09.01"]
[SourceQuality "1"]

1. e4 c5 2. Nc3 Nc6 3. g3 g6 4. Bg2 Bg7 5. d3 d6 6. f4 e6 7. Nf3 Nge7 8. O-O O-O 9. Be3 Nd4 10. e5 Nef5 11. Bf2 Nxf3+ 12. Qxf3 Nd4 13. Qd1 dxe5 14. fxe5 Bxe5 15. Ne4 f5 16. Nxc5 Qc7 17. b4 f4 18. gxf4 Rxf4 19. c3 Nf5 20. d4 Rxf2 21. Rxf2 Bxh2+ 22. Kh1 Bg3 23. Rf1 Rb8 24. Qg4 Qg7 25. Ne4 Bc7 26. Rf3 Bd7 27. Raf1 Bc6 28. Rh3 Rf8 29. Re1 h5 30. Qg5 Bd8 31. Qd2 g5 32. Rd3 Nh4 33. c4 g4 34. d5 exd5 35. cxd5 Bb5 36. Rg3 Nf5 37. Rc3 Qe7 38. d6 Qh4+ 39. Kg1 Bc6 40. Nc5 Bg5 41. Qe2 Bf6 42. Bxc6 bxc6 43. Ne4 Bxc3 44. Qc4+ Rf7 45. Qxc3 Nd4 46. Ng5 Nf3+ 47. Nxf3 Qg3+ 48. Kh1 Qh3+ 49. Kg1 Qg3+ 50. Kh1 Qxf3+ 51. Qxf3 gxf3 52. Rf1 Kf8 53. Kg1 f2+ 54. Rxf2 Rxf2 55. Kxf2 Ke8 56. Kg3 Kd7 57. Kh4 Kxd6 58. Kxh5 Kd5 59. Kg4 Kc4 60. Kf4 Kxb4 61. Ke4 Kc4 62. Ke3 Kc3 63. a4 a5 0-1

[Event "Quebec op"]
[Site "Montreal CAN"]
[Date "2004.07.24"]
[Round "8"]
[White "Rosen, Matthew"]
[Black "Bachand-Fleurent, Julien"]
[Result "1-0"]
[WhiteElo "2201"]
[BlackElo "2075"]
[PlyCount "57"]
[GameId "2160767911095155"]
[EventDate "2004.07.17"]
[EventType "swiss"]
[EventRounds "9"]
[EventCountry "CAN"]
[SourceTitle "CBM 101 Extra"]
[Source "ChessBase"]
[SourceDate "2004.09.01"]
[SourceVersion "2"]
[SourceVersionDate "2004.09.01"]
[SourceQuality "1"]

1. Nf3 d5 2. c4 c6 3. b3 Nf6 4. Bb2 g6 5. d4 Bg7 6. e3 O-O 7. Bd3 b6 8. Ne5 Bb7 9. Nd2 Nbd7 10. f4 Rc8 11. O-O e6 12. Qf3 c5 13. Rad1 Qc7 14. Qh3 Rfd8 15. Ndf3 dxc4 16. Bxc4 Nxe5 17. fxe5 Ne4 18. Qh4 h6 19. Bd3 Qc6 20. d5 exd5 21. Bxe4 g5 22. Bh7+ Kxh7 23. Nxg5+ Kg8 24. Nxf7 Rd7 25. Qg4 d4 26. e6 Re7 27. Nxh6+ Kh7 28. Nf5 Qxe6 29. Qh5+ 1-0

[Event "Quebec op"]
[Site "Montreal CAN"]
[Date "2004.07.24"]
[Round "8"]
[White "Voskanyan, Vahagn"]
[Black "Castaneda, Nelson"]
[Result "0-1"]
[WhiteElo "2271"]
[BlackElo "2288"]
[PlyCount "84"]
[GameId "2160767911095156"]
[EventDate "2004.07.17"]
[EventType "swiss"]
[EventRounds "9"]
[EventCountry "CAN"]
[SourceTitle "CBM 101 Extra"]
[Source "ChessBase"]
[SourceDate "2004.09.01"]
[SourceVersion "2"]
[SourceVersionDate "2004.09.01"]
[SourceQuality "1"]

1. e4 e5 2. Nf3 Nc6 3. Nc3 Nf6 4. d4 exd4 5. Nxd4 Bb4 6. Nxc6 bxc6 7. Bd3 d5 8. exd5 cxd5 9. O-O O-O 10. Bg5 Be6 11. Na4 h6 12. Bh4 Rb8 13. c3 Bd6 14. Re1 c5 15. Bc2 Re8 16. b3 Rb7 17. Bg3 Rbe7 18. Qd2 Bxg3 19. hxg3 Qd6 20. Qf4 Bd7 21. Rxe7 Qxe7 22. Bf5 Bxa4 23. bxa4 Qe5 24. Qf3 g6 25. Bc2 h5 26. Rf1 Kg7 27. Bb1 Re6 28. Bc2 Qe2 29. Bb1 Qd2 30. Qd3 Re2 31. Qxd2 Rxd2 32. Re1 Kf8 33. Kf1 Rb2 34. f3 c4 35. Kg1 a5 36. Kh2 Nd7 37. g4 hxg4 38. fxg4 Nb6 39. Kg3 Nxa4 40. Rc1 Ke7 41. Kf4 Kd6 42. Kg5 Nxc3 0-1

[Event "Quebec op"]
[Site "Montreal CAN"]
[Date "2004.07.24"]
[Round "9"]
[White "Audet-Bouchard, Nicolas"]
[Black "Cazelais, Marc"]
[Result "1/2-1/2"]
[WhiteElo "2079"]
[BlackElo "2267"]
[PlyCount "53"]
[GameId "2160767911095158"]
[EventDate "2004.07.17"]
[EventType "swiss"]
[EventRounds "9"]
[EventCountry "CAN"]

1. e4 c5 2. Nf3 Nc6 3. d4 cxd4 4. Nxd4 Nf6 5. Nc3 e5 6. Ndb5 d6 7. Bg5 a6 8. Na3 b5 9. Bxf6 gxf6 10. Nd5 Bg7 11. c3 f5 12. Bd3 Be6 13. Qh5 O-O 14. exf5 Bxd5 15. f6 e4 16. fxg7 Re8 17. Be2 Re5 18. Qh6 b4 19. Nc4 Bxc4 20. Bxc4 bxc3 21. bxc3 Rc5 22. Bb3 Qg5 23. Qxg5 Rxg5 24. O-O Na5 25. Rfd1 Nxb3 26. axb3 Rb5 27. Ra3 1/2-1/2

[Event "Quebec op"]
[Site "Montreal CAN"]
[Date "2004.07.24"]
[Round "9"]
[White "Berube, Antoine"]
[Black "Rousseau, Daniel"]
[Result "1-0"]
[WhiteElo "2104"]
[BlackElo "2125"]
[PlyCount "140"]
[GameId "2160767911095159"]
[EventDate "2004.07.17"]
[EventType "swiss"]
[EventRounds "9"]
[EventCountry "CAN"]

1. d4 Nf6 2. c4 g6 3. Nc3 Bg7 4. e4 d6 5. f3 O-O 6. Be3 Nc6 7. Nge2 a6 8. Qd2 Re8 9. Nc1 e5 10. d5 Nd4 11. N1e2 b5 12. b4 Bd7 13. Nxd4 exd4 14. Bxd4 a5 15. Be2 axb4 16. Nxb5 Bxb5 17. cxb5 Ra4 18. O-O Qa8 19. Qb2 Nh5 20. Bxg7 Nxg7 21. Rfc1 Qa7+ 22. Kf1 Ra8 23. Bd1 Ra3 24. Qxb4 Rxa2 25. Rxa2 Qxa2 26. Rxc7 Nh5 27. Qc4 Qb1 28. Rc8+ Rxc8 29. Qxc8+ Kg7 30. Qc3+ Kf8 31. Qb3 Qxb3 32. Bxb3 Ke7 33. b6 Kd7 34. Ba4+ Kc8 35. Bc6 Nf4 36. Kf2 f6 37. g4 g5 38. Ke3 Ng6 39. Ke2 Ne5 40. Kf2 Nc4 41. b7+ Kc7 42. f4 h6 43. e5 dxe5 44. fxe5 fxe5 45. Kf3 Nd6 46. Ke3 Kb8 47. Kd3 Kc7 48. Kc3 Kb8 49. Kb4 Kc7 50. h3 Ne4 51. d6+ Nxd6 52. Kc5 Nf7 53. Be8 Nd8 54. Kd5 Nxb7 55. Kxe5 Kd8 56. Bc6 Nc5 57. Kf6 Kc7 58. Bg2 Kd6 59. Kg7 Ke5 60. Kxh6 Kf4 61. h4 gxh4 62. g5 Ne6 63. g6 Kg3 64. Bd5 Nf4 65. g7 Nxd5 66. g8=Q+ Kh2 67. Qxd5 h3 68. Kg5 Kg1 69. Qd1+ Kg2 70. Qe2+ Kg1 1-0